000 nam a22 a 4500
999 _c2056
_d2056
003 AKMAL
005 20170515102517.0
008 17051 s2001 my g 00 may d
020 _a9676111279 (kkt.):
_cRM25.00
039 9 _a200905301522
_bfaridah
_c200905290919
_david2
040 _aPNM
082 0 4 _a353.7211 HUS
_221
090 0 0 _a353.7211
_bHUS
100 0 _aHussein Haji Ahmad
_94235
245 1 0 _aMandat UNESCO dan cabaran globalisasi /
_cHussein Haji Ahmad
260 _aKuala Lumpur :
_bUtusan Publications & Distributors,
_c2001
300 0 0 _axxiii, 362ms. :
_bil. ;
_c23cm
504 _aBibliografi: ms. 345-352
610 0 0 _aUnesco
_94236
942 _2ddc
_cBOOK